00809nam a2200217 a 4500001001000000003000900010005001700019007000300036008004100039040002500080082001800105110009900123245012000222260004700342300002800389590002800417910000700445942001400452952010800466999001700574000029585DO-SdBNP20240304103305.0ta110419s1967 dr 000 0 spa d aDO-SdBNPbspacBNPHU 222axxxbR3111 aRepública Dominicana.b Secretaría de Estado de Medio Ambiente y Recursos Naturales91450310aReconocimiento y evaluación de los recursos naturales de la República Dominicana :bdescripción de los suelos aWashington :bUnión Panamericana,c1967. a169 p. ;bil. ;c28 cm. aInventariado, 2022 / DG aDG 2ddccLBS1 00102ddc51708PDaBNPHUbBNPHUcCTd2022-11-01l0oxxx R311p2022-4638r2022-11-01w2022-11-01yLBS1 c52698d52698